Stála provozovna zahraničního subjektu na území ČR

Postup pri učtovaní a zdaňovaní stálej prevádzky zahraničného subjektu pôsobiaceho na území ČR. Vedenie účtovníctva a podmienky zdanenia príjmov zahraničných osôb v ČR. Príklady.

Na minha lista:
Detalhes bibliográficos
Autor principal: Pfeilerová, Jaroslava
Formato: Capítulo de Livro
Idioma:tcheco
Assuntos:
Tags: Adicionar Tag
Sem tags, seja o primeiro a adicionar uma tag!

MARC

LEADER 00000naa a2200000 4500
001 0162452
005 20230925093834.7
041 0 |a cze 
044 |a CZ 
245 1 0 |a Stála provozovna zahraničního subjektu na území ČR  |c Jaroslava Pfeilerová 
520 |a Postup pri učtovaní a zdaňovaní stálej prevádzky zahraničného subjektu pôsobiaceho na území ČR. Vedenie účtovníctva a podmienky zdanenia príjmov zahraničných osôb v ČR. Príklady. 
610 2 0 |a Česko 
610 2 0 |a systémy účtovné 
610 2 0 |a účtovníctvo prevádzkové 
610 2 0 |a postupy účtovné 
610 2 0 |a vedenie účtovníctva 
610 2 0 |a účtovníctvo daňové 
610 2 0 |a rezidenti 
100 1 |a Pfeilerová, Jaroslava